| 000 | 00592nam a2200193Ia 4500 | ||
|---|---|---|---|
| 005 | 20250508165322.0 | ||
| 008 | 008 250505s9999 xx 000 0 eng d | ||
| 037 | _aDissertations | ||
| 040 |
_aFEDL _beng _cFEDL |
||
| 041 |
_aeng _2eng |
||
| 084 |
_a540.7, MUK/DI _qFEDL |
||
| 100 |
_aMukherjee Amrita _9780485 |
||
| 245 | 0 | _aLearners reasoning of socio- scientific issues in some concepts of chemistry | |
| 260 | _c2013 | ||
| 300 | _a69p. | ||
| 546 | _aM.Ed. Dissertation, (Delhi University); C D Included | ||
| 942 |
_cDIS _h540.7, MUK/DI |
||
| 999 |
_c1394424 _d1394424 |
||